000 00437cam a22001934a 4500
005 20250605164316.0
008 250528s ||||||||||||||||||||||||d
035 _a22699
020 _a9780857760081
040 _aGR-AtMCL
_bgre
_dGR-AtMCL
_eAACR2
245 1 _aENGINEERING: STUDY GUIDE
250 _a1
260 _bPearson,
_c2011
300 _a597
710 2 _aBtec
_99774
942 _cBK
999 _c7747
_d7747